MARC

LEADER 00000nam0a2200000 4500
001 187372
005 20231031173953.0
035 |a (RuTPU)RU\TPU\book\203324 
090 |a 187372 
100 |a 20101115d1974 k y0rusy50 ca 
101 0 |a rus 
102 |a RU 
105 |a a z 001zy 
200 1 |a Основы тектоники  |f Ю. А. Косыгин 
210 |a Москва  |c Недра  |d 1974 
215 |a 215 с.  |c ил. 
320 |a Библиогр.: с. 197-206. 
320 |a Предметный указатель: с. 207-211. 
320 |a Именной указатель: с. 212-213. 
610 1 |a тектоника 
610 1 |a геология 
610 1 |a системные исследования 
610 1 |a статические системы 
610 1 |a геологические структуры 
610 1 |a дислокации 
610 1 |a картирование 
610 1 |a динамические системы 
675 |a 551.24  |v 3 
700 1 |a Косыгин  |b Ю. А.  |g Юрий Александрович 
801 1 |a RU  |b 63413507  |c 20101115 
801 2 |a RU  |b 63413507  |c 20210122  |g RCR 
942 |c BK